00408 a2200145 4500001000700000003000400007005001700011008004100028082001600069245007100085260004000156300001000196653002500206700003100231067834OSt20220106135810.0  a325.3bP91P1 aPreoccupation of postcolonial studiescedited by Fawzia Afzal Khan aLondonbDuke University Pressc2000 a412p. aPostcolonial studies aKhan, Fawzia AfzaleEditor